| 000 | 00555nam a2200193 a 4500 | ||
|---|---|---|---|
| 005 | 20140310183615.0 | ||
| 008 | 120831s19uu xx 00 eng d | ||
| 020 | _a9781422179703 | ||
| 050 |
_aHD 38.24 _b.Os88 2008 |
||
| 100 | _aOsterman, Paul | ||
| 245 |
_aThe truth about managers : _bwho they are, how they work, why they matter. |
||
| 260 |
_aBoston : _bHarvard Business Press, _c2008. |
||
| 300 |
_aviii,189 p. : _c24 cm. |
||
| 521 | _aBSBA | ||
| 650 | _aMiddle managers. | ||
| 650 | _aManagement. | ||
| 942 |
_cBK _2lcc _kFOR |
||
| 999 |
_c25311 _d25311 |
||